| 000 | 01206nam0a22003371 4500 | ||
|---|---|---|---|
| 001 | RU\INFOCOMM_322\NLR\5000267386 | ||
| 005 | 20250614080702.0 | ||
| 035 | _a(NLR Aleph) 010609699 | ||
| 090 |
_a10565581 _c10565580 |
||
| 100 | _a20130326d1965 |||y0rusy50 ca | ||
| 101 | 0 | _aeng | |
| 102 | _aRU | ||
| 105 | _ay z|||| | ||
| 200 | 1 |
_aThe Real part of the elastic π⁻p, pp and pd scattering amplitude in the energy region 2-10 GeV _fKh. Chernev, N. Dalkhazhav, P. Devinski a. o. |
|
| 210 |
_aДубна _d1965 |
||
| 215 |
_a8 с. _cграф. _d22 см |
||
| 225 | 1 |
_a[Издания] _fОбъедин. ин-т ядерных исследований _hЕ-2413 _iЛаборатория высоких энергий |
|
| 309 | _aОтпеч. множит. аппаратом | ||
| 320 | _aБиблиогр.: с. 5 | ||
| 686 |
_aФз-1630 _2rubbk |
||
| 686 |
_a[В382] _2rubbk |
||
| 701 | 1 |
_9z01790 _aČernev _bCh. |
|
| 701 | 1 |
_9z02790 _aDalchažav _bN. |
|
| 701 | 1 |
_aDevinski _bP. |
|
| 790 | 1 |
_9z01701 _aChernev _bKh. _4070 |
|
| 790 | 1 |
_9z02701 _aDalkhazhav _bN. _4070 |
|
| 801 | 1 |
_aRU _bInfocomm _c20130326 |
|
| 801 | 0 |
_aRU _bINFOCOMM _gPSBO |
|
| 852 |
_aNLR _jP11/3130 |
||
| 942 | _cBOOK | ||
| 980 | _aNB | ||